| 000 | 00408nam a2200181Ia 4500 | ||
|---|---|---|---|
| 003 | 0100 | ||
| 008 | 130303s9999 xx 000 0 und d | ||
| 040 | _cARRUPELIB | ||
| 050 | _aJA71.C5851991 | ||
| 100 | _aPettit, Philip | ||
| 245 | _aContemporary political theory | ||
| 260 | _aNY | ||
| 260 | _bMacmillan | ||
| 260 | _C1991 | ||
| 300 | _a245p | ||
| 700 | _aed. with intro. by P. Pettit | ||
| 942 | 0 | 0 | _01 |
| 999 |
_c20017 _d20017 |
||